Charles Dickens (Record no. 6516)
[ view plain ]
| 000 -CABECERA | |
|---|---|
| campo de control de longitud fija | 00761nam a2200265 a 4500 |
| 001 - NÚMERO DE CONTROL | |
| campo de control | BRCA_6833 |
| 005 - FECHA Y HORA DE LA ÚLTIMA TRANSACCIÓN | |
| campo de control | 20190320205618.0 |
| 008 - DATOS DE LONGITUD FIJA--INFORMACIÓN GENERAL | |
| campo de control de longitud fija | 260911s1870----enk#######---#000-0#eng-# |
| 041 ## - CÓDIGO DE LENGUA | |
| Código de lengua del texto/banda sonora o título independiente | eng |
| 044 ## - CÓDIGO DEL PAÍS DE LA ENTIDAD EDITORA/PRODUCTORA | |
| Código MARC del país | enk |
| 050 #4 - SIGNATURA TOPOGRÁFICA DE LA BIBLIOTECA DEL CONGRESO | |
| Número de clasificación | PR4581 |
| Número de documento/Ítem | .S35 1870 |
| 245 10 - MENCIÓN DE TÍTULO | |
| Título | Charles Dickens |
| Mención de responsabilidad, etc. | by George Augustus Sala |
| 260 ## - PUBLICACIÓN, DISTRIBUCIÓN, ETC. | |
| Lugar de publicación, distribución, etc. | Londres |
| Nombre del editor, distribuidor, etc. | George Routledge and Sons |
| Fecha de publicación, distribución, etc. | 1870 |
| 300 ## - DESCRIPCIÓN FÍSICA | |
| Extensión | x, 144 p. |
| Dimensiones | 17 cm. |
| 500 ## - NOTA GENERAL | |
| Nota general | Con ex-Libris de: William Hartmann Woodin |
| 500 ## - NOTA GENERAL | |
| Nota general | Incluye nota de compra |
| 500 ## - NOTA GENERAL | |
| Nota general | Edición con cantos dorados |
| 500 ## - NOTA GENERAL | |
| Nota general | O19 |
| 600 14 - PUNTO DE ACCESO ADICIONAL DE MATERIA--NOMBRE DE PERSONA | |
| Nombre de persona | Dickens, Charles |
| Fechas asociadas al nombre | 1812-1870 |
| 9 (RLIN) | 17037 |
| 650 14 - PUNTO DE ACCESO ADICIONAL DE MATERIA--TÉRMINO DE MATERIA | |
| Término de materia o nombre geográfico como elemento de entrada | Literatura inglesa |
| 9 (RLIN) | 17038 |
| 650 14 - PUNTO DE ACCESO ADICIONAL DE MATERIA--TÉRMINO DE MATERIA | |
| Término de materia o nombre geográfico como elemento de entrada | Autores ingleses |
| 9 (RLIN) | 17039 |
| 700 1# - PUNTO DE ACCESO ADICIONAL--NOMBRE DE PERSONA | |
| Nombre de persona | Sala, George Augustus |
| 9 (RLIN) | 17040 |
| 902 ## - CATALOGADOR | |
| Iniciales | GFM |
| 942 ## - ELEMENTOS DE PUNTO DE ACCESO ADICIONAL (KOHA) | |
| Fuente del sistema de clasificación o colocación | Library of Congress Classification |
| Tipo de ítem Koha | Libros |
| Estado de retiro | Estado de pérdida | Estado dañado | No para préstamo | Localización permanente | Ubicación/localización actual | Fecha de adquisición | Número de inventario | Total de préstamos | Signatura topográfica completa | Código de barras | Fecha visto por última vez | Precio válido a partir de | Tipo de ítem Koha |
|---|---|---|---|---|---|---|---|---|---|---|---|---|---|
| El ejemplar forma parte de la colección y puede ser consultado según las políticas vigentes. | Biblioteca del Museo Franz Mayer (Rogerio Casas-Alatriste) | Biblioteca del Museo Franz Mayer (Rogerio Casas-Alatriste) | 08/11/2011 | O19 | PR4581 .S35 1870 (O19) | 7281 | 22/03/2019 | 22/03/2019 | Libros |